Hadith Al Suna Al Sita / (Record no. 858)

000 -LEADER
fixed length control field nam a22 a 4500
005 - DATE AND TIME OF LATEST TRANSACTION
control field 20170505150343.0
008 - FIXED-LENGTH DATA ELEMENTS--GENERAL INFORMATION
fixed length control field 170505b1985 my ||||| |||| 00| 0 ara d
040 ## - CATALOGING SOURCE
Original cataloging agency AKMAL
082 ## - DEWEY DECIMAL CLASSIFICATION NUMBER
Classification number 297.124 HAD
090 ## - LOCALLY ASSIGNED LC-TYPE CALL NUMBER (OCLC); LOCAL CALL NUMBER (RLIN)
Classification number (OCLC) (R) ; Classification number, CALL (RLIN) (NR) 297.124
Local cutter number (OCLC) ; Book number/undivided call number, CALL (RLIN) HAD
100 ## - MAIN ENTRY--PERSONAL NAME
Personal name Hadi, Mahsan.
Dates associated with a name 1985-
9 (RLIN) 1844
245 ## - TITLE STATEMENT
Title Hadith Al Suna Al Sita /
Statement of responsibility, etc. Hadi, Mahsan.
260 ## - PUBLICATION, DISTRIBUTION, ETC.
Name of publisher, distributor, etc. Dewan Bahasa dan Pustaka
Date of publication, distribution, etc. 1985
300 ## - PHYSICAL DESCRIPTION
Extent 168ms.
Dimensions cm
942 ## - ADDED ENTRY ELEMENTS (KOHA)
Source of classification or shelving scheme
Koha item type Book
Holdings
Withdrawn status Lost status Source of classification or shelving scheme Damaged status Not for loan Collection code Home library Current library Shelving location Date acquired Inventory number Total Checkouts Full call number Barcode Date last seen Price effective from Koha item type
          NON-FICTION AKMAL Melaka AKMAL Melaka PINJAMAN 05.05.2017 200114   297.124 HAD 201701818 05.05.2017 05.05.2017 Book
Pusat Sumber Maklumat Dato' Haji Sarmin Md Hussin, Akademi Kastam Diraja Malaysia, Melaka
Tel: 06-2331106 | Faks: 06-2313787